[Event "LSS RA-2009-0-00072"]
[Site "LSS email"]
[Date "2009.12.10"]
[Round "?"]
[White "Busch, Karl"]
[Black "Da Silva Filho, Alcindo Luz Bastos"]
[Result "1-0"]
[WhiteElo "1944"]
[BlackElo "1968"]
[PlyCount "35"]
[EventDate "2009.11.11"]
[EventType "tourn (corr)"]
[EventRounds "6"]
[EventCountry "GER"]
[SourceTitle "Telechess CBM 137"]
[Source "ChessBase"]
[SourceDate "2010.07.15"]
[SourceVersion "1"]
[SourceVersionDate "2010.07.15"]
[SourceQuality "1"]

1. d4 f5 2. c4 e6 3. g3 Nf6 4. Bg2 c6 5. Nf3 d5 6. 0-0 Bd6 7. b3 Qe7 8. Bb2 0-0 9. Nbd2 b6 10. Ne5 Bb7 11. Rc1 a5 12. e3 Ne4 13. Ndf3 Rd8 14. Qc2 Nd7 15. Rfd1 Ndf6 16. h3 c5 17. cxd5 exd5 18. dxc5 1-0

[Event "LSS RA-2009-0-00072"]
[Site "LSS email"]
[Date "2009.12.10"]
[Round "?"]
[White "Da Silva Filho, Alcindo Luz Bastos"]
[Black "Nichols, Scott"]
[Result "1/2-1/2"]
[WhiteElo "1969"]
[BlackElo "2107"]
[PlyCount "48"]
[EventDate "2009.11.11"]
[EventType "tourn (corr)"]
[EventRounds "6"]
[EventCountry "GER"]
[SourceTitle "Telechess CBM 137"]
[Source "ChessBase"]
[SourceDate "2010.07.15"]
[SourceVersion "1"]
[SourceVersionDate "2010.07.15"]
[SourceQuality "1"]

1. e4 d6 2. d4 Nf6 3. Nc3 g6 4. f3 Bg7 5. Be3 c6 6. Qd2 b5 7. h4 Nbd7 8. g4 h6 9. Nh3 Nb6 10. Bd3 Nc4 11. Bxc4 bxc4 12. 0-0-0 Rb8 13. e5 dxe5 14. dxe5 Qxd2+ 15. Rxd2 Nd5 16. Bxa7 Ra8 17. Bd4 Nxc3 18. Bxc3 h5 19. gxh5 Rxh5 20. Ng5 Bh6 21. f4 Bxg5 22. fxg5 Rxa2 23. Kb1 Ra8 24. Rd4 Be6 1/2-1/2

[Event "LSS ZH-2009-0-00333"]
[Site "LSS email"]
[Date "2009.10.02"]
[Round "?"]
[White "Bubnov, Vladimir Semenovich"]
[Black "Da Silva Filho, Alcindo Luz Bastos"]
[Result "1-0"]
[WhiteElo "2257"]
[BlackElo "2031"]
[PlyCount "83"]
[EventDate "2009.09.29"]
[EventType "match (corr)"]
[EventRounds "2"]
[EventCountry "GER"]
[SourceTitle "Telechess CBM 137"]
[Source "ChessBase"]
[SourceDate "2010.07.15"]
[SourceVersion "1"]
[SourceVersionDate "2010.07.15"]
[SourceQuality "1"]

1. b3 d5 2. Bb2 Bg4 3. f3 Bh5 4. e4 dxe4 5. Qe2 c6 6. Nc3 exf3 7. Nxf3 Nf6 8. 0-0-0 Nbd7 9. h3 Qa5 10. g4 Bg6 11. h4 h5 12. g5 Ng4 13. Bh3 0-0-0 14. Na4 b5 15. Nc3 Kb7 16. Bg2 e5 17. Nh2 Nxh2 18. Rxh2 b4 19. Ne4 Nc5 20. d3 Ne6 21. Nd2 Nd4 22. Bxd4 exd4 23. Nc4 Qc5 24. Re1 Bd6 25. Rhh1 Kc7 26. Rhf1 Rhe8 27. Qxe8 Rxe8 28. Rxe8 Bg3 29. Be4 Kd7 30. Rg8 Bxh4 31. Bxg6 Qxg5+ 32. Kb2 fxg6 33. Rf7+ Ke6 34. Rfxg7 Kf6 35. Nd6 Qg1 36. Ne4+ Kf5 37. Rf8+ Ke6 38. Rh8 a6 39. Rxh5 Qg4 40. Rh8 Be7 41. Re8 Qh4 42. Rgxe7+ 1-0

[Event "LSS CP-2009-P-00074"]
[Site "LSS email"]
[Date "2009.09.27"]
[Round "?"]
[White "Da Silva Filho, Alcindo Luz Bastos"]
[Black "Kis Kos, Laszlo"]
[Result "1-0"]
[WhiteElo "1938"]
[BlackElo "1713"]
[PlyCount "95"]
[EventDate "2009.10.01"]
[EventType "tourn (corr)"]
[EventRounds "6"]
[EventCountry "GER"]
[SourceTitle "Telechess CBM 141"]
[Source "ChessBase"]
[SourceDate "2011.03.17"]
[SourceVersion "1"]
[SourceVersionDate "2011.03.17"]
[SourceQuality "1"]

1. e4 e5 2. Nf3 Nc6 3. d4 exd4 4. Nxd4 Bc5 5. Be3 Qf6 6. c3 Nge7 7. Bc4 0-0 8. 0-0 Bb6 9. Bb3 d6 10. Kh1 Nxd4 11. cxd4 Nc6 12. Nc3 Bxd4 13. Nd5 Qe5 14. Bxd4 Qxd4 15. Nxc7 Rb8 16. Qe2 Qf6 17. Nd5 Qh4 18. g3 Qh6 19. Rfc1 Be6 20. Rc3 Nd4 21. Qd3 Nxb3 22. axb3 Bxd5 23. Qxd5 a6 24. Rd1 Qe6 25. Kg2 Rfe8 26. Rc7 Qxd5 27. Rxd5 Re6 28. Kf3 Kf8 29. Rd7 Ke8 30. R5xd6 Rxd6 31. Rxd6 Rc8 32. Rb6 Rc7 33. e5 Ke7 34. Ke3 f6 35. exf6+ gxf6 36. g4 Kf7 37. h4 Rd7 38. g5 fxg5 39. hxg5 Re7+ 40. Kd3 Rd7+ 41. Ke4 Re7+ 42. Kd5 Rd7+ 43. Ke5 Re7+ 44. Kf5 Rd7 45. f4 Re7 46. Kg4 Rd7 47. f5 Ke7 48. Kh5 1-0

[Event "LSS CP-2009-P-00074"]
[Site "LSS email"]
[Date "2009.09.27"]
[Round "?"]
[White "Da Silva Filho, Alcindo Luz Bastos"]
[Black "Veloso Fargnoli, Rodrigo"]
[Result "1/2-1/2"]
[WhiteElo "1879"]
[BlackElo "2133"]
[PlyCount "60"]
[EventDate "2009.10.01"]
[EventType "tourn (corr)"]
[EventRounds "6"]
[EventCountry "GER"]
[SourceTitle "Telechess CBM 147"]
[Source "ChessBase"]
[SourceDate "2012.03.16"]
[SourceVersion "1"]
[SourceVersionDate "2012.03.16"]
[SourceQuality "1"]

1. e4 c5 2. Nf3 d6 3. Bb5+ Nc6 4. 0-0 Bd7 5. Re1 Nf6 6. c3 a6 7. Bf1 Bg4 8. d3 e6 9. Nbd2 Be7 10. h3 Bh5 11. g4 Bg6 12. Nh4 Nd7 13. Nxg6 hxg6 14. f4 Bh4 15. Re2 g5 16. f5 Nde5 17. Re3 0-0 18. Bg2 b5 19. Nf3 Nxf3+ 20. Rxf3 b4 21. Be3 Ne5 22. Rf1 bxc3 23. bxc3 Qa5 24. fxe6 fxe6 25. Qc2 c4 26. d4 Nd3 27. e5 d5 28. Rab1 Rxf1+ 29. Bxf1 Ne1 30. Qb2 Rf8 1/2-1/2

[Event "LSS RA-2009-0-00063"]
[Site "LSS email"]
[Date "2009.09.27"]
[Round "?"]
[White "Llorente Alvarez, Jose Luis"]
[Black "Da Silva Filho, Alcindo Luz Bastos"]
[Result "1-0"]
[WhiteElo "2122"]
[BlackElo "2031"]
[PlyCount "59"]
[EventDate "2009.08.13"]
[EventType "tourn (corr)"]
[EventRounds "6"]
[EventCountry "GER"]
[SourceTitle "Corr 2011"]
[Source "ChessBase"]
[SourceDate "2010.08.31"]
[SourceVersion "1"]
[SourceVersionDate "2010.08.31"]
[SourceQuality "1"]

1. e4 c5 2. Nf3 Nc6 3. d4 cxd4 4. Nxd4 e6 5. Nb5 d6 6. c4 Nf6 7. N5c3 a6 8. Be2 Be7 9. 0-0 0-0 10. Be3 Qc7 11. Nd2 b6 12. f4 Bd7 13. Rc1 Rab8 14. Qe1 Rfc8 15. a3 h6 16. Qg3 h5 17. h3 h4 18. Qf2 Qb7 19. b4 e5 20. Nf3 exf4 21. Bxf4 Be6 22. Ng5 Ne5 23. Nd5 Bxd5 24. exd5 Ng6 25. Bd3 b5 26. Bxg6 fxg6 27. c5 Qxd5 28. Rcd1 Qb3 29. cxd6 Bd8 30. d7 1-0

[Event "LSS SA-2009-0-00085"]
[Site "LSS email"]
[Date "2009.09.22"]
[Round "?"]
[White "Da Silva Filho, Alcindo Luz Bastos"]
[Black "Udvari, Norbert"]
[Result "1/2-1/2"]
[WhiteElo "2031"]
[BlackElo "1928"]
[PlyCount "45"]
[EventDate "2009.08.28"]
[EventType "tourn (corr)"]
[EventRounds "6"]
[EventCountry "GER"]
[SourceTitle "Corr 2011"]
[Source "ChessBase"]
[SourceDate "2010.08.31"]
[SourceVersion "1"]
[SourceVersionDate "2010.08.31"]
[SourceQuality "1"]

1. e4 e5 2. Nf3 Nc6 3. d4 exd4 4. Nxd4 Bc5 5. Be3 Qf6 6. c3 Nge7 7. Bc4 Ne5 8. Be2 Qg6 9. 0-0 d6 10. f4 Qxe4 11. Bf2 Bxd4 12. cxd4 N5g6 13. Nc3 Qxf4 14. Nb5 0-0 15. Nxc7 Rb8 16. Nb5 Bd7 17. Nxa7 Qg5 18. a4 Nf4 19. Bg3 Nxe2+ 20. Qxe2 Nf5 21. Qf2 Nxg3 22. Qxg3 Qd5 23. Qd3 1/2-1/2

[Event "LSS SA-2009-0-00082"]
[Site "LSS email"]
[Date "2009.09.04"]
[Round "?"]
[White "Da Silva Filho, Alcindo Luz Bastos"]
[Black "Nenciulescu, Silviu Catalin"]
[Result "1/2-1/2"]
[WhiteElo "1991"]
[BlackElo "2002"]
[PlyCount "53"]
[EventDate "2009.08.16"]
[EventType "tourn (corr)"]
[EventRounds "6"]
[EventCountry "GER"]
[SourceTitle "Telechess CBM 137"]
[Source "ChessBase"]
[SourceDate "2010.07.15"]
[SourceVersion "1"]
[SourceVersionDate "2010.07.15"]
[SourceQuality "1"]

1. e4 e5 2. Nf3 Nc6 3. d4 exd4 4. Nxd4 Bc5 5. Be3 Qf6 6. c3 Nge7 7. g3 h5 8. h3 h4 9. g4 Ng6 10. Qd2 Nge5 11. Be2 Nxd4 12. cxd4 Nf3+ 13. Bxf3 Qxf3 14. Rh2 Bb6 15. Qc2 0-0 16. Nd2 Ba5 17. a3 Bxd2+ 18. Kxd2 Re8 19. Re1 Qxe4 20. Qxe4 Rxe4 21. f3 Re6 22. Bg5 Rxe1 23. Kxe1 d6 24. Rc2 c6 25. Bxh4 Be6 26. Re2 Kf8 27. Kf2 1/2-1/2

[Event "LSS SA-2009-0-00082"]
[Site "LSS email"]
[Date "2009.09.04"]
[Round "?"]
[White "Fuzishawa, Richard Mitsuo"]
[Black "Da Silva Filho, Alcindo Luz Bastos"]
[Result "0-1"]
[WhiteElo "2078"]
[BlackElo "1984"]
[PlyCount "86"]
[EventDate "2009.08.16"]
[EventType "tourn (corr)"]
[EventRounds "6"]
[EventCountry "GER"]
[SourceTitle "Telechess CBM 137"]
[Source "ChessBase"]
[SourceDate "2010.07.15"]
[SourceVersion "1"]
[SourceVersionDate "2010.07.15"]
[SourceQuality "1"]

1. e4 c5 2. Nf3 Nc6 3. d4 cxd4 4. Nxd4 e6 5. Nc3 Qc7 6. Be3 a6 7. Qd2 Nf6 8. 0-0-0 Bb4 9. f3 Ne5 10. Nb3 b5 11. Qe1 Be7 12. f4 Ng6 13. e5 Ng4 14. Ne4 0-0 15. Bc5 Bb7 16. h3 Nh6 17. Bxe7 Nxe7 18. Bd3 Nd5 19. Qa5 Rac8 20. g3 Nf5 21. Rhg1 Nb6 22. Rde1 Bxe4 23. Bxe4 f6 24. g4 Nh4 25. Nd2 Ng6 26. Bxg6 hxg6 27. c3 Qa7 28. Qb4 Nc4 29. exf6 Rxf6 30. Rgf1 a5 31. Qb3 Nxd2 32. Kxd2 b4 33. Rf3 bxc3+ 34. bxc3 Rb8 35. Qc2 e5 36. g5 Rfb6 37. Qe4 Rd6+ 38. Kc2 Qb6 39. Qc4+ Kh7 40. Qb3 Qc7 41. Qa3 Qc6 42. fxe5 Qxf3 43. Qxd6 Qf5+ 0-1

[Event "LSS SA-2009-0-00076"]
[Site "LSS email"]
[Date "2009.08.08"]
[Round "?"]
[White "Da Silva Filho, Alcindo Luz Bastos"]
[Black "Norman, Nigel"]
[Result "0-1"]
[WhiteElo "1991"]
[BlackElo "2051"]
[PlyCount "92"]
[EventDate "2009.07.19"]
[EventType "tourn (corr)"]
[EventRounds "6"]
[EventCountry "GER"]
[SourceTitle "Telechess CBM 137"]
[Source "ChessBase"]
[SourceDate "2010.07.15"]
[SourceVersion "1"]
[SourceVersionDate "2010.07.15"]
[SourceQuality "1"]

1. e4 d6 2. d4 Nf6 3. Nc3 g6 4. f3 Bg7 5. Be3 c6 6. Qd2 b5 7. h4 Nbd7 8. a4 b4 9. Nce2 a5 10. Ng3 h5 11. Nh3 Qc7 12. Be2 Nb6 13. Kf2 0-0 14. Ng5 c5 15. c3 bxc3 16. bxc3 Bd7 17. dxc5 dxc5 18. Bb5 Bxb5 19. axb5 Nc4 20. Qe2 Nxe3 21. Qxe3 Rab8 22. Rhb1 Rfd8 23. Ne2 Nd7 24. f4 Nf6 25. Kg1 Ng4 26. Qf3 c4 27. e5 Rd3 28. Qc6 Bxe5 29. g3 Bd6 30. Ne4 Rb6 31. Qxc7 Bxc7 32. Nf2 Rd2 33. Nxg4 hxg4 34. Nd4 e5 35. Nc6 exf4 36. Nxa5 Rd5 37. Nxc4 Rbxb5 38. Rxb5 Rxb5 39. gxf4 Bxf4 40. Rf1 Bc7 41. Rd1 Rc5 42. Rd4 f5 43. Kg2 Kg7 44. Kf2 Kh6 45. Ke2 f4 46. Kf1 Kh5 0-1

[Event "LSS SA-2009-0-00076"]
[Site "LSS email"]
[Date "2009.08.08"]
[Round "?"]
[White "De Waele, Willy"]
[Black "Da Silva Filho, Alcindo Luz Bastos"]
[Result "1/2-1/2"]
[WhiteElo "2020"]
[BlackElo "1967"]
[PlyCount "44"]
[EventDate "2009.07.19"]
[EventType "tourn (corr)"]
[EventRounds "6"]
[EventCountry "GER"]
[SourceTitle "Corr 2011"]
[Source "ChessBase"]
[SourceDate "2010.08.31"]
[SourceVersion "1"]
[SourceVersionDate "2010.08.31"]
[SourceQuality "1"]

1. e4 c5 2. Nf3 Nc6 3. d4 cxd4 4. Nxd4 e6 5. Nc3 Qc7 6. Be2 a6 7. 0-0 Nf6 8. Be3 Be7 9. f4 d6 10. a4 0-0 11. Kh1 Re8 12. Bf3 Bd7 13. Nb3 b6 14. g4 Bc8 15. g5 Nd7 16. Bg2 Bb7 17. Rf3 Nb4 18. a5 b5 19. Rh3 Qc4 20. Nd2 Qc7 21. Nb3 Qc4 22. Nd2 Qc7 1/2-1/2

[Event "LSS SA-2009-0-00076"]
[Site "LSS email"]
[Date "2009.08.08"]
[Round "?"]
[White "Salzmann, Stefan"]
[Black "Da Silva Filho, Alcindo Luz Bastos"]
[Result "1/2-1/2"]
[WhiteElo "2137"]
[BlackElo "2031"]
[PlyCount "50"]
[EventDate "2009.07.19"]
[EventType "tourn (corr)"]
[EventRounds "6"]
[EventCountry "GER"]
[SourceTitle "Telechess CBM 137"]
[Source "ChessBase"]
[SourceDate "2010.07.15"]
[SourceVersion "1"]
[SourceVersionDate "2010.07.15"]
[SourceQuality "1"]

1. d4 Nf6 2. c4 e6 3. g3 d5 4. Nf3 dxc4 5. Bg2 c5 6. 0-0 Nc6 7. Ne5 Bd7 8. Na3 Nd5 9. Nxd7 Qxd7 10. dxc5 Bxc5 11. Nxc4 0-0 12. Bd2 Rfd8 13. e3 Rac8 14. Qb3 Qe7 15. a3 a6 16. Rfd1 b5 17. Na5 Ne5 18. Rac1 h6 19. Be1 h5 20. Rxc5 Rxc5 21. e4 Nf6 22. Rxd8+ Qxd8 23. Nb7 Qd4 24. Nxc5 Qxc5 25. Qc3 Qd6 1/2-1/2

[Event "LSS RA-2009-0-00057"]
[Site "LSS email"]
[Date "2009.08.03"]
[Round "?"]
[White "Da Silva Filho, Alcindo Luz Bastos"]
[Black "Herzog, Klaus"]
[Result "1/2-1/2"]
[WhiteElo "1967"]
[BlackElo "2023"]
[PlyCount "47"]
[EventDate "2009.06.07"]
[EventType "tourn (corr)"]
[EventRounds "6"]
[EventCountry "GER"]
[SourceTitle "Corr 2011"]
[Source "ChessBase"]
[SourceDate "2010.08.31"]
[SourceVersion "1"]
[SourceVersionDate "2010.08.31"]
[SourceQuality "1"]

1. e4 e5 2. Nf3 Nc6 3. d4 exd4 4. Nxd4 Bc5 5. Nb3 Bb6 6. a4 a6 7. Nc3 Nge7 8. Bg5 f6 9. Bh4 0-0 10. Qd2 d6 11. a5 Ba7 12. 0-0-0 Be6 13. Nd5 Bxd5 14. exd5 Ne5 15. Kb1 Re8 16. f4 Ng4 17. Re1 Ng6 18. Bg3 Rxe1+ 19. Bxe1 Qd7 20. g3 Re8 21. Bd3 f5 22. Qb4 Qc8 23. Bc4 Re4 24. Qc3 1/2-1/2

[Event "LSS RA-2009-0-00057"]
[Site "LSS email"]
[Date "2009.08.03"]
[Round "?"]
[White "Da Silva Filho, Alcindo Luz Bastos"]
[Black "Karlsson, Patrik"]
[Result "1/2-1/2"]
[WhiteElo "2031"]
[BlackElo "2023"]
[PlyCount "81"]
[EventDate "2009.06.07"]
[EventType "tourn (corr)"]
[EventRounds "6"]
[EventCountry "GER"]
[SourceTitle "Corr 2011"]
[Source "ChessBase"]
[SourceDate "2010.08.31"]
[SourceVersion "1"]
[SourceVersionDate "2010.08.31"]
[SourceQuality "1"]

1. e4 e5 2. Nf3 Nc6 3. d4 exd4 4. Nxd4 Bc5 5. Nxc6 Qf6 6. Qd2 dxc6 7. Nc3 Be6 8. Na4 Rd8 9. Bd3 Bd4 10. c3 Bxf2+ 11. Qxf2 Rxd3 12. Qxf6 Nxf6 13. Nc5 Rd8 14. Nxb7 Rb8 15. Nc5 0-0 16. 0-0 Rfe8 17. b4 Nd7 18. Na6 Rbc8 19. Rd1 f6 20. Bf4 Re7 21. Rd4 Nf8 22. Bg3 Bf7 23. h4 Ne6 24. Rd2 Nf8 25. Re1 Bc4 26. Nc5 Rce8 27. a3 Ne6 28. Nb7 Bb5 29. e5 f5 30. Na5 Ba4 31. Rf1 g6 32. Rf3 c5 33. Bf2 a6 34. bxc5 Rd8 35. Rxd8+ Nxd8 36. Rf4 Be8 37. Rb4 Nc6 38. Nxc6 Bxc6 39. Bd4 Re8 40. Kf2 Kf7 41. g3 1/2-1/2

[Event "LSS RA-2009-0-00057"]
[Site "LSS email"]
[Date "2009.08.03"]
[Round "?"]
[White "Da Silva Filho, Alcindo Luz Bastos"]
[Black "Kroes, Friso"]
[Result "1/2-1/2"]
[WhiteElo "1967"]
[BlackElo "2085"]
[PlyCount "55"]
[EventDate "2009.06.07"]
[EventType "tourn (corr)"]
[EventRounds "6"]
[EventCountry "GER"]
[SourceTitle "Corr 2011"]
[Source "ChessBase"]
[SourceDate "2010.08.31"]
[SourceVersion "1"]
[SourceVersionDate "2010.08.31"]
[SourceQuality "1"]

1. e4 e6 2. d4 d5 3. exd5 exd5 4. Nf3 Bd6 5. c4 Bb4+ 6. Nc3 Nf6 7. Bd3 0-0 8. 0-0 dxc4 9. Bxc4 Nc6 10. Be3 Bd6 11. Re1 Bf5 12. d5 Ne5 13. Nxe5 Bxe5 14. Bd4 Bc2 15. Qd2 Bxd4 16. Qxd4 Re8 17. Rxe8+ Nxe8 18. Rc1 Bf5 19. Nd1 Nd6 20. Ne3 Bg6 21. Be2 a6 22. g3 Be4 23. Bg4 Qe7 24. Re1 Bf5 25. Bxf5 Nxf5 26. Qc3 Nxe3 27. Rxe3 Qd6 28. Re5 1/2-1/2

[Event "LSS RA-2009-0-00057"]
[Site "LSS email"]
[Date "2009.08.03"]
[Round "?"]
[White "Nicolenco, Sergey"]
[Black "Da Silva Filho, Alcindo Luz Bastos"]
[Result "1-0"]
[WhiteElo "2129"]
[BlackElo "2031"]
[PlyCount "95"]
[EventDate "2009.06.07"]
[EventType "tourn (corr)"]
[EventRounds "6"]
[EventCountry "GER"]
[SourceTitle "Corr 2011"]
[Source "ChessBase"]
[SourceDate "2010.08.31"]
[SourceVersion "1"]
[SourceVersionDate "2010.08.31"]
[SourceQuality "1"]

1. e4 c5 2. Nf3 Nc6 3. Bb5 d6 4. 0-0 Bd7 5. Re1 a6 6. Bxc6 Bxc6 7. d4 cxd4 8. Nxd4 Rc8 9. Nxc6 Rxc6 10. Bg5 Nf6 11. Bxf6 gxf6 12. Nd2 Qd7 13. Nb3 h5 14. h3 Rg8 15. Qd3 Bh6 16. Rad1 Bf4 17. c3 h4 18. Qf3 Be5 19. Qe3 f5 20. f4 Rg3 21. Qf2 Bg7 22. Nd2 Qc8 23. Kh1 Qd7 24. exf5 Qxf5 25. Nf1 Rg6 26. Ne3 Qc5 27. Qxh4 Rh6 28. Qg3 Rg6 29. Qf3 Re6 30. f5 Re5 31. Nd5 Qc4 32. f6 Bxf6 33. Nxf6+ exf6 34. Qxf6 Re4 35. Qh4 Re6 36. Rxe6+ fxe6 37. Qxc4 Rxc4 38. Rxd6 Ke7 39. Rb6 Rc7 40. g4 Kf6 41. Kg2 Rd7 42. h4 Ke5 43. h5 Kf6 44. Kf3 Ke5 45. Kg3 Rd3+ 46. Kh4 Rd7 47. Rb4 a5 48. Rd4 1-0

[Event "LSS SB-2009-0-00055"]
[Site "LSS email"]
[Date "2009.07.12"]
[Round "?"]
[White "Wicklund Hansen, Gunnar"]
[Black "Da Silva Filho, Alcindo Luz Bastos"]
[Result "1/2-1/2"]
[WhiteElo "1858"]
[BlackElo "1967"]
[PlyCount "40"]
[EventDate "2009.05.15"]
[EventType "tourn (corr)"]
[EventRounds "6"]
[EventCountry "GER"]
[SourceTitle "Corr 2011"]
[Source "ChessBase"]
[SourceDate "2010.08.31"]
[SourceVersion "1"]
[SourceVersionDate "2010.08.31"]
[SourceQuality "1"]

1. e4 c5 2. Nf3 Nc6 3. d4 cxd4 4. Nxd4 e6 5. Nxc6 bxc6 6. Bd3 Nf6 7. 0-0 d5 8. Nc3 Be7 9. Qf3 0-0 10. Re1 e5 11. exd5 cxd5 12. Rxe5 Bd6 13. Nxd5 Bxe5 14. Nxf6+ Qxf6 15. Qxa8 Bxb2 16. Bxb2 Qxb2 17. Rd1 Qxa2 18. Qe4 g6 19. Qd4 a6 20. c4 Qa4 1/2-1/2

[Event "LSS RB-2009-0-00055"]
[Site "LSS email"]
[Date "2009.07.11"]
[Round "?"]
[White "Santo, Moises"]
[Black "Da Silva Filho, Alcindo Luz Bastos"]
[Result "0-1"]
[WhiteElo "1870"]
[BlackElo "1967"]
[PlyCount "80"]
[EventDate "2009.05.22"]
[EventType "tourn (corr)"]
[EventRounds "6"]
[EventCountry "GER"]
[SourceTitle "Corr 2011"]
[Source "ChessBase"]
[SourceDate "2010.08.31"]
[SourceVersion "1"]
[SourceVersionDate "2010.08.31"]
[SourceQuality "1"]

1. d4 f5 2. c4 e6 3. Nc3 Nf6 4. g3 Bb4 5. Bg2 0-0 6. Nf3 Ne4 7. Qc2 Nc6 8. 0-0 Bxc3 9. bxc3 Na5 10. c5 d6 11. c4 b6 12. Nd2 d5 13. cxd5 exd5 14. Nxe4 fxe4 15. f3 exf3 16. Rxf3 Rxf3 17. Bxf3 c6 18. Bf4 Nc4 19. e4 Be6 20. Rf1 dxe4 21. Qxe4 Bd5 22. Qe2 Bxf3 23. Qxc4+ Bd5 24. Qc2 bxc5 25. dxc5 Qa5 26. a4 Qb4 27. Bd6 h6 28. h3 Re8 29. Kh2 Qa3 30. g4 Be4 31. Qf2 Qb3 32. h4 Bd5 33. g5 Qc4 34. Kg1 hxg5 35. hxg5 Qxa4 36. Qf4 Qc2 37. Qg4 a5 38. g6 a4 39. Rf2 Qc1+ 40. Rf1 Qd2 0-1

[Event "LSS RB-2009-0-00054"]
[Site "LSS email"]
[Date "2009.06.28"]
[Round "?"]
[White "Da Silva Filho, Alcindo Luz Bastos"]
[Black "Jordaan, Wayne"]
[Result "1-0"]
[WhiteElo "2031"]
[BlackElo "1809"]
[PlyCount "107"]
[EventDate "2009.05.11"]
[EventType "tourn (corr)"]
[EventRounds "6"]
[EventCountry "GER"]
[SourceTitle "Corr 2011"]
[Source "ChessBase"]
[SourceDate "2010.08.31"]
[SourceVersion "1"]
[SourceVersionDate "2010.08.31"]
[SourceQuality "1"]

1. e4 c6 2. d4 d5 3. e5 Bf5 4. Nf3 e6 5. Be2 h5 6. Nbd2 Nd7 7. 0-0 g5 8. Nb3 g4 9. Ne1 Bg7 10. Nd3 f6 11. f4 Qc7 12. a4 0-0-0 13. a5 fxe5 14. fxe5 Rf8 15. Nbc5 Nxc5 16. Nxc5 Qe7 17. Be3 Nh6 18. Ra3 g3 19. hxg3 Ng4 20. Bf4 Bxe5 21. Bxe5 Nxe5 22. Rb3 Bg4 23. Bxg4 Nxg4 24. Rxb7 Qg5 25. Re1 Qf6 26. Qd2 Rf7 27. Rxf7 Qxf7 28. Rxe6 Rf8 29. Rxc6+ Kb8 30. Qb4+ Ka8 31. Qe1 Qf5 32. c4 h4 33. Ne6 Ne3 34. Qxe3 Qf1+ 35. Kh2 hxg3+ 36. Kxg3 Rg8+ 37. Ng5 Qf5 38. Kh2 Qxg5 39. Qxg5 Rxg5 40. Rc5 Rg7 41. Rxd5 Kb7 42. b4 Rc7 43. Rb5+ Ka6 44. Rc5 Rh7+ 45. Kg3 Rg7+ 46. Kh3 Rh7+ 47. Kg4 Kb7 48. Kf4 Rf7+ 49. Rf5 Rc7 50. Rb5+ Ka6 51. Rc5 Rf7+ 52. Rf5 Re7 53. g4 Kb7 54. g5 1-0

[Event "LSS RB-2009-0-00050"]
[Site "LSS email"]
[Date "2009.05.12"]
[Round "?"]
[White "Nicolenco, Sergey"]
[Black "Da Silva Filho, Alcindo Luz Bastos"]
[Result "1-0"]
[WhiteElo "1963"]
[BlackElo "1977"]
[PlyCount "95"]
[EventDate "2009.04.13"]
[EventType "tourn (corr)"]
[EventRounds "6"]
[EventCountry "GER"]
[SourceTitle "Corr 2011"]
[Source "ChessBase"]
[SourceDate "2010.08.31"]
[SourceVersion "1"]
[SourceVersionDate "2010.08.31"]
[SourceQuality "1"]

1. e4 c5 2. Nf3 Nc6 3. Bb5 g6 4. Bxc6 dxc6 5. d3 Bg7 6. h3 Nf6 7. Nc3 Nd7 8. Be3 e5 9. Qd2 h6 10. 0-0 Qe7 11. Nh2 Nf8 12. f4 exf4 13. Rxf4 Be6 14. Rf2 0-0-0 15. a4 Nd7 16. Nf3 g5 17. a5 Rhf8 18. Re1 f5 19. exf5 Rxf5 20. Ne4 Rdf8 21. c4 a6 22. Kh1 Kb8 23. b3 Ka8 24. d4 cxd4 25. Bxd4 g4 26. Ng3 Rxf3 27. gxf3 Bxd4 28. Qxd4 gxf3 29. Kh2 h5 30. Nxh5 Nc5 31. Re3 Qg5 32. Qg7 Qd8 33. Rexf3 Rxf3 34. Rxf3 Qd2+ 35. Qg2 Qxa5 36. Rf8+ Ka7 37. Qf2 Qc7+ 38. Nf4 b6 39. Qg3 Bc8 40. Nd3 Qd7 41. Nxc5 bxc5 42. h4 Kb7 43. h5 a5 44. Qg5 Qd6+ 45. Qf4 Qd3 46. h6 Qh3+ 47. Kg1 Qxb3 48. Rf7+ 1-0

[Event "LSS RB-2009-0-00050"]
[Site "LSS email"]
[Date "2009.05.12"]
[Round "?"]
[White "Pott, Brian"]
[Black "Da Silva Filho, Alcindo Luz Bastos"]
[Result "0-1"]
[WhiteElo "1844"]
[BlackElo "1977"]
[PlyCount "64"]
[EventDate "2009.04.13"]
[EventType "tourn (corr)"]
[EventRounds "6"]
[EventCountry "GER"]
[SourceTitle "Corr 2011"]
[Source "ChessBase"]
[SourceDate "2010.08.31"]
[SourceVersion "1"]
[SourceVersionDate "2010.08.31"]
[SourceQuality "1"]

1. e4 c5 2. Nc3 Nc6 3. g3 g6 4. Bg2 Bg7 5. d3 d6 6. Be3 Rb8 7. Qd2 b5 8. Nge2 Nd4 9. 0-0 h5 10. h4 b4 11. Nd1 e5 12. c3 bxc3 13. bxc3 Nxe2+ 14. Qxe2 Ne7 15. f4 Bg4 16. Qd2 Qa5 17. Rc1 0-0 18. Qf2 Bxd1 19. Rfxd1 exf4 20. Bxf4 Bxc3 21. Rxc3 Qxc3 22. Bxd6 Nc6 23. Qxc5 Qxc5+ 24. Bxc5 Rfd8 25. d4 Rb2 26. a3 Rc2 27. Bf3 Rb8 28. Rf1 Rbb2 29. Bh1 Rb3 30. Rf3 Rc1+ 31. Rf1 Rc4 32. Rd1 Rxg3+ 0-1

[Event "LSS RB-2009-0-00048"]
[Site "LSS email"]
[Date "2009.05.06"]
[Round "?"]
[White "Da Silva Filho, Alcindo Luz Bastos"]
[Black "Mitrovic, Sinisa"]
[Result "1-0"]
[WhiteElo "1977"]
[BlackElo "1782"]
[PlyCount "97"]
[EventDate "2009.03.17"]
[EventType "tourn (corr)"]
[EventRounds "6"]
[EventCountry "GER"]
[SourceTitle "Corr 2011"]
[Source "ChessBase"]
[SourceDate "2010.08.31"]
[SourceVersion "1"]
[SourceVersionDate "2010.08.31"]
[SourceQuality "1"]

1. e4 e5 2. Bc4 Nf6 3. d3 c6 4. Nf3 d5 5. Bb3 Bb4+ 6. Bd2 Bxd2+ 7. Nbxd2 Bg4 8. h3 Bxf3 9. Qxf3 0-0 10. 0-0 Qd6 11. Rfe1 Nbd7 12. Nf1 Nc5 13. exd5 Nxb3 14. axb3 Nxd5 15. Ne3 f6 16. Nf5 Qd7 17. Ra4 g6 18. Ne3 a6 19. Re4 Rad8 20. h4 Qg7 21. Nxd5 cxd5 22. Rb4 f5 23. h5 e4 24. Qg3 b5 25. hxg6 hxg6 26. c3 Qf6 27. Rd4 Rfe8 28. Rd1 Re5 29. dxe4 Rxe4 30. Rxe4 fxe4 31. Qe3 Kf7 32. Qa7+ Ke8 33. b4 Rd6 34. Qc5 Qe6 35. Re1 Kf7 36. Re3 Qd7 37. Rh3 Kg8 38. Qd4 Qg7 39. Qe3 Qe7 40. Qh6 Qg7 41. Qf4 Qf6 42. Qh2 Kf7 43. Rh8 d4 44. Qh6 Ke7 45. Qh7+ Ke6 46. Re8+ Kd5 47. Qg8+ Kc6 48. Rc8+ Kb7 49. Ra8 1-0